header

Instant VMware view virtualization how-to (Record no. 1620)

MARC details
000 -LEADER
fixed length control field 01310nam a2200325 a 4500
100 1# - MAIN ENTRY--AUTHOR NAME
Personal name Geddam, Ramesh.
245 10 - TITLE STATEMENT
Title Instant VMware view virtualization how-to
260 ## - PUBLICATION, DISTRIBUTION, ETC. (IMPRINT)
Place of publication Birmingham :
Name of publisher Packt Pub.,
Year of publication 2013.
300 ## - PHYSICAL DESCRIPTION
Number of Pages 61 p. :
Other physical details ill. (some col.)
500 ## - GENERAL NOTE
General note "Instant, short, fast, focused"--Cover.
650 #0 - SUBJECT ADDED ENTRY--TOPICAL TERM
Topical Term Virtual computer systems.
700 1# - ADDED ENTRY--PERSONAL NAME
Personal name Sarkar, Prasenjit.
856 40 - ELECTRONIC LOCATION AND ACCESS
Uniform Resource Identifier http://site.ebrary.com/lib/rucke/Doc?id=10714618

No items available.

© 2026 Rongo University
Contact us: librarian | system librarian | Rongo university